Countries Kersti Kaljulaid has visited - Statistics

General Stats
  • This quiz has been taken 27 times
    18 since last reset
  • The average score is 39 of 46
Answer Stats
Continent Country % Correct
South America Argentina
100%
Europe Belgium
100%
South America Chile
100%
Europe Denmark
100%
Europe Finland
100%
Europe France
100%
Europe Germany
100%
Europe Italy
100%
Asia Japan
100%
Europe Latvia
100%
Europe Lithuania
100%
Oceania New Zealand
100%
Europe Norway
100%
Europe Portugal
100%
Asia Singapore
100%
Europe Slovakia
100%
Asia South Korea
100%
Europe Spain
100%
Europe Sweden
100%
Europe Switzerland
100%
Europe United Kingdom
100%
North America United States of America
100%
Asia Afghanistan
83%
Asia Armenia
83%
Asia China
83%
Oceania Fiji
83%
Asia Georgia
83%
Europe Greece
83%
Asia Kuwait
83%
Europe Slovenia
83%
Europe Ukraine
83%
Asia United Arab Emirates
83%
Europe Vatican City
83%
Africa Algeria
67%
Oceania Australia
67%
Europe Austria
67%
Africa Ethiopia
67%
Europe Iceland
67%
Africa Kenya
67%
Asia Lebanon
67%
Europe Poland
67%
Africa Rwanda
67%
North America Saint Kitts and Nevis
67%
Oceania Vanuatu
67%
Africa Senegal
50%
Africa Benin
17%
No matching quizzes found
Score Distribution
Percent of People with Each Score
Percentile by Number Answered
Your Score History
You have not taken this quiz since the last reset